| 000 | 00649nam a22002177a 4500 | ||
|---|---|---|---|
| 003 | UA-OsUOA | ||
| 001 | 58871 | ||
| 007 | ta | ||
| 008 | 20090302b un ||||| |||| 00| 0 ukr d | ||
| 100 | _aЗінкевич О. | ||
| 090 |
_a82 _bЗ-66 |
||
| 942 | _cSA | ||
| 040 |
_aUA-OsUOA _bukr _cUA-OsUOA _dUA-OsUOA |
||
| 245 | _aМолода поезія в Україні. Поети-"шестидесятники", їхні проблеми і старше покоління | ||
| 300 | _aС.7 | ||
| 955 | _a0 | ||
| 041 | _aukr | ||
| 080 | _a82 | ||
| 773 | 0 | _w58869 | |
| 650 | 7 |
_a82 Література. Літературознавство _2UDC |
|
| 999 |
_c344955 _d344955 |
||